Capitals of 'U' Countries - Statistics

General Stats
  • This quiz has been taken 179 times
  • The average score is 7 of 7
Answer Stats
Country Capital % Correct
United States Washington D.C.
99%
United Kingdom London
96%
Uruguay Montevideo
96%
United Arab Emirates Abu Dhabi
93%
Uganda Kampala
90%
Uzbekistan Tashkent
90%
Ukraine Kiev
87%
No matching quizzes found
Score Distribution
Percent of People with Each Score
Percentile by Number Answered
Your Score History
You have not taken this quiz